000 00490nam a2200145 a 4500
008 120416s1974 ||||||||||||||||| || u
020 _a0136110959
050 _aTK 454.2 Van
100 _aVan Valkenburg, M. E
245 1 0 _aNetwork analysis (3rd ed.)
260 _aNew Jersey
_bFT Prentice-Hall
_c1974
300 _axv, 571p. : ill
350 _a0.00
995 _D0.00
_FCBU-MAIN LIBRARY (Kitwe)
_H1
_I59.90
_M1
_UAVAILABLE
_ZShort Loan Collection
999 _c52066
_d52066